| 000 | 01220cam a2200337 a 4500 | ||
|---|---|---|---|
| 001 | 12453844 | ||
| 003 | SISC | ||
| 005 | 20160216125353.0 | ||
| 008 | 010627s2002 nyua c b 001 0 eng | ||
| 010 | _a 2001003911 | ||
| 020 | _a9780823935048 | ||
| 040 |
_aDLC _cDLC _dDLC |
||
| 042 |
_apcc _alcac |
||
| 050 | 0 | 0 |
_aQH 49 _b.H34 2002 |
| 082 | 0 | 0 |
_aHS 508.023 _b.H11 2002 |
| 100 | 1 |
_aHaegele, Katie. _913408 |
|
| 245 | 1 | 0 |
_aCool careers without college for nature lovers / _cKatie Haegele. |
| 260 |
_aNew York : _bRosen Pub. Group, _cc2002. |
||
| 300 |
_a144 p. : _bcol. ill. ; _c24 cm. |
||
| 440 | 0 |
_aCool careers without college _912956 |
|
| 504 | _aIncludes bibliographical references. | ||
| 520 | _aProfiles the characteristics of and qualifications needed for twelve jobs that involve working with nature. | ||
| 562 | _e1 | ||
| 650 | 0 |
_aNatural history _xVocational guidance _vJuvenile literature. _913409 |
|
| 650 | 1 |
_aNatural history _xVocational guidance. _913410 |
|
| 650 | 1 |
_aVocational guidance. _92038 |
|
| 906 |
_a7 _bcbc _corignew _d1 _eecip _f20 _gy-gencatlg |
||
| 942 |
_2lcc _cBK |
||
| 999 |
_c9380 _d9380 |
||